[Event "Nimzo 2"]
[Site "SchemingMind.com"]
[Date "2008.03.30"]
[Round "-"]
[White "Dr_Pat"]
[Black "gannet"]
[Result "1-0"]
[WhiteCountry "USA"]
[BlackCountry "GBR"]
[WhiteElo "1929"]
[WhiteRD "48"]
[BlackElo "2028"]
[BlackRD "95"]
[GameID "147560"]

1. d4 Nf6 2. c4 e6 3. Nc3 Bb4 4. Qc2 c5 5. dxc5 Na6 6. a3 Bxc3+ 7. Qxc3 Nxc5 8. b4 Nce4 9. Qd4 d5 10. c5 b6
11. f3 bxc5 12. bxc5 Qa5+ 13. Qb4 Qxb4+ 14. axb4 Nc3 15. Bb2 d4 16. e4 Bd7 17. Bxc3 dxc3 18. Ne2 c2 19. Nd4 Ke7 20. Nxc2 Rhb8
21. Ba6 e5 22. Ke2 Bb5+ 23. Bxb5 Rxb5 24. Kd3 Ne8 25. Kc4 Nc7 26. Rhd1 a5 27. c6
1-0

[Event "Nimzo 2"]
[Site "SchemingMind.com"]
[Date "2008.03.26"]
[Round "-"]
[White "Dr_Pat"]
[Black "Manuel Angel"]
[Result "1/2-1/2"]
[WhiteCountry "USA"]
[BlackCountry "ESP"]
[WhiteElo "1992"]
[WhiteRD "50"]
[BlackElo "1951"]
[BlackRD "74"]
[GameID "147561"]

1. d4 Nf6 2. c4 e6 3. Nc3 Bb4 4. e3 Bxc3+ 5. bxc3 c5 6. Bd3 d6 7. Ne2 Nc6 8. O-O O-O 9. e4 e5 10. d5 Na5
11. Ng3 b6 12. h3 h6 13. Qf3 Nh7 14. Be3 Qh4 15. Nf5 Bxf5 16. Qxf5 g6 17. Qd7 Rfd8 18. Qa4 Ng5 19. Qc2 Re8 20. Bd2 Kg7
21. a4 f5 22. exf5 e4 23. Be2 gxf5 24. Kh2 Nf7 25. Qa2 Ne5 26. Rab1=
1/2-1/2

[Event "Nimzo 2"]
[Site "SchemingMind.com"]
[Date "2008.03.30"]
[Round "-"]
[White "Dr_Pat"]
[Black "mmccaffe"]
[Result "1-0"]
[WhiteCountry "USA"]
[BlackCountry "USA"]
[WhiteElo "1992"]
[WhiteRD "50"]
[BlackElo "1634"]
[BlackRD "50"]
[GameID "147562"]

1. d4 Nf6 2. c4 e6 3. Nc3 Bb4 4. Qc2 O-O 5. a3 Bxc3+ 6. Qxc3 d5 7. Bg5 h6 8. Bxf6 Qxf6 9. Nf3 b6 10. e3 c6
11. Ne5 Nd7 12. Nxc6 Ba6 13. Qb4 Rfc8 14. Ne7+
1-0

[Event "Nimzo 2"]
[Site "SchemingMind.com"]
[Date "2008.03.25"]
[Round "-"]
[White "Dr_Pat"]
[Black "marandreo"]
[Result "0-1"]
[WhiteCountry "USA"]
[BlackCountry "ITA"]
[WhiteElo "1929"]
[WhiteRD "48"]
[BlackElo "2256"]
[BlackRD "137"]
[GameID "147563"]

1. d4 Nf6 2. c4 e6 3. Nc3 Bb4 4. e3 O-O 5. Bd3 d5 6. Nf3 c5 7. O-O Nc6 8. a3 dxc4 9. Bxc4 cxd4 10. exd4 Be7
11. Re1 b6 12. Qd3 Bb7 13. Bg5 Na5 14. Ba2 Rc8 15. Rad1 h6 16. Bh4 Re8 17. Ne5 Nd5 18. Bxe7 Rxe7 19. f3 Rec7 20. Nb5 Ba6
21. Bxd5 exd5
0-1

[Event "Nimzo 2"]
[Site "SchemingMind.com"]
[Date "2008.03.25"]
[Round "-"]
[White "Negrito19"]
[Black "Dr_Pat"]
[Result "0-1"]
[WhiteCountry "ARG"]
[BlackCountry "USA"]
[WhiteElo "1627"]
[WhiteRD "67"]
[BlackElo "1929"]
[BlackRD "48"]
[GameID "147565"]

1. d4 Nf6 2. c4 e6 3. Nc3 Bb4 4. Bd2 O-O 5. a3 Bxc3 6. Bxc3 Ne4 7. Bb4 d6 8. f3 Qh4+ 9. g3 Nxg3 10. hxg3 Qxh1
11. Nh3 Qh2 12. g4 Nc6 13. Bc3 Qg3+ 14. Nf2 f5 15. gxf5 Rxf5 16. Bh3 Rh5 17. Kd2 Qxf2 18. Qh1 Nxd4 19. Bxd4 Qxd4+ 20. Ke1 e5
21. Be6+ Bxe6 22. Qxh5 Qg1+ 23. Kd2 Qxa1 24. Kc2 Qe1 25. f4 g6 26. Qf3 Bf5+ 27. Kb3 Qd1+ 28. Kb4 a5+ 29. Kc3 Qc2#
0-1

[Event "Nimzo 2"]
[Site "SchemingMind.com"]
[Date "2008.03.25"]
[Round "-"]
[White "echecs"]
[Black "Dr_Pat"]
[Result "1-0"]
[WhiteCountry "ENG"]
[BlackCountry "USA"]
[WhiteElo "1682"]
[WhiteRD "59"]
[BlackElo "1929"]
[BlackRD "48"]
[GameID "147566"]

1. d4 Nf6 2. c4 e6 3. Nc3 Bb4 4. e3 O-O 5. Bd3 d5 6. Nf3 c5 7. O-O Nc6 8. a3 Bxc3 9. bxc3 dxc4 10. Bxc4 Qc7
11. Bd3 e5 12. e4 cxd4 13. cxd4 exd4 14. Bb2 Bg4 15. h3 Bxf3 16. Qxf3 Rfe8 17. Rac1 Qb6 18. Rb1 Ne5 19. Qd1 Re7 20. Re1 Rd8
21. f4 Nxd3 22. Qxd3 Nh5 23. Bc1 Nxf4 24. Bxf4
1-0

[Event "Nimzo 2"]
[Site "SchemingMind.com"]
[Date "2008.03.30"]
[Round "-"]
[White "gannet"]
[Black "Dr_Pat"]
[Result "0-1"]
[WhiteCountry "GBR"]
[BlackCountry "USA"]
[WhiteElo "1955"]
[WhiteRD "90"]
[BlackElo "1992"]
[BlackRD "50"]
[GameID "147567"]

1. d4 Nf6 2. c4 e6 3. Nc3 Bb4 4. e3 O-O 5. Bd3 d5 6. Nf3 c5 7. O-O Nc6 8. a3 Bxc3 9. bxc3 dxc4 10. Bxc4 Qc7
11. a4 Rd8 12. Qe2 b6 13. Ba3 Bb7 14. Rac1 Ng4 15. Rfd1 Na5 16. Ba2 Bxf3 17. Qxf3 Qxh2+ 18. Kf1 Qh5 19. Ke2 Nf6 20. Qxh5 Nxh5
21. dxc5 Rdc8 22. Bb4 Nf6 23. f3 Nb7 24. cxb6 axb6 25. Bb3 g6 26. Be7 Kg7 27. Bxf6+ Kxf6 28. Rd4 Na5 29. Bd1 h5 30. Rb4 Rc6
31. Kf2 Rd8 32. Rd4 Rxd4 33. exd4 h4 34. Ke2 Kg5 35. Kd3 Kf4 36. c4 Rd6 37. Kc3 Nxc4
0-1

[Event "Nimzo 2"]
[Site "SchemingMind.com"]
[Date "2008.03.26"]
[Round "-"]
[White "Manuel Angel"]
[Black "Dr_Pat"]
[Result "1-0"]
[WhiteCountry "ESP"]
[BlackCountry "USA"]
[WhiteElo "1967"]
[WhiteRD "73"]
[BlackElo "1929"]
[BlackRD "48"]
[GameID "147568"]

1. d4 Nf6 2. c4 e6 3. Nc3 Bb4 4. Qc2 O-O 5. Bg5 c5 6. Nf3 cxd4 7. Nxd4 Nc6 8. O-O-O h6 9. Bh4 Nxd4 10. Rxd4 Bc5
11. Rd1 Be7 12. e4 Ng4 13. Bxe7 Qxe7 14. h3 Qc5 15. hxg4
1-0

[Event "Nimzo 2"]
[Site "SchemingMind.com"]
[Date "2008.03.30"]
[Round "-"]
[White "mmccaffe"]
[Black "Dr_Pat"]
[Result "0-1"]
[WhiteCountry "USA"]
[BlackCountry "USA"]
[WhiteElo "1634"]
[WhiteRD "50"]
[BlackElo "1992"]
[BlackRD "50"]
[GameID "147569"]

1. d4 Nf6 2. c4 e6 3. Nc3 Bb4 4. Nf3 O-O 5. a3 Bxc3+ 6. bxc3 c5 7. Bg5 Qa5 8. Qd2 Ne4 9. Qd3 cxd4 10. Be7 Re8
11. Bb4 Qf5 12. cxd4 Nc6 13. e3 b6 14. Be2 d5 15. c5 a5 16. Bd2 Ba6 17. Qc2 Bxe2 18. Kxe2 Ng3+
0-1

[Event "Nimzo 2"]
[Site "SchemingMind.com"]
[Date "2008.03.26"]
[Round "-"]
[White "marandreo"]
[Black "Dr_Pat"]
[Result "1-0"]
[WhiteCountry "ITA"]
[BlackCountry "USA"]
[WhiteElo "2256"]
[WhiteRD "137"]
[BlackElo "1929"]
[BlackRD "48"]
[GameID "147570"]

1. d4 Nf6 2. c4 e6 3. Nc3 Bb4 4. Qc2 O-O 5. Nf3 c5 6. e3 d5 7. a3 Bxc3+ 8. bxc3 Nc6 9. Bd3 dxc4 10. Bxc4 Qc7
11. O-O e5 12. Bb2 e4 13. Ng5 Qe7 14. f3 Bf5 15. fxe4 Bg6 16. Qe2 Nxe4 17. Nxe4 Bxe4 18. Rf2 Na5 19. Ba2 Rac8 20. Raf1 c4
21. Bb1
1-0

[Event "Nimzo 2"]
[Site "SchemingMind.com"]
[Date "2008.03.25"]
[Round "-"]
[White "smothered mate"]
[Black "Dr_Pat"]
[Result "0-1"]
[WhiteCountry "POL"]
[BlackCountry "USA"]
[WhiteElo "1964"]
[WhiteRD "53"]
[BlackElo "1825"]
[BlackRD "51"]
[GameID "147595"]

1. d4 Nf6 2. c4 e6 3. Nc3 Bb4 4. Bf4 O-O 5. e3 d6 6. Bd3 Bxc3+ 7. bxc3 Qe8 8. Nf3 Nbd7 9. g4 e5 10. g5 exf4
11. gxf6 Nxf6 12. Qe2 Qc6 13. O-O-O Bg4 14. d5 Qa6 15. Rhg1 Qa3+ 16. Kb1 Qxc3 17. h3 Bxf3 18. Qxf3 fxe3 19. Bc2 Rfe8 20. Rd3 Qb4+
21. Rb3 exf2 22. Qxf2 Qxc4 23. Qxf6 Re1+ 24. Kb2 Rxg1 25. Qf2 Rg5 26. Rxb7 Qxd5 27. Qxa7 Qb5+ 28. Bb3 Rxa7
0-1

[Event "Nimzo 2"]
[Site "SchemingMind.com"]
[Date "2008.03.25"]
[Round "-"]
[White "smothered mate"]
[Black "Negrito19"]
[Result "1-0"]
[WhiteCountry "POL"]
[BlackCountry "ARG"]
[WhiteElo "1938"]
[WhiteRD "52"]
[BlackElo "1647"]
[BlackRD "64"]
[GameID "147596"]

1. d4 Nf6 2. c4 e6 3. Nc3 Bb4 4. Bf4 c6 5. Qd3 Na6 6. e3 d5 7. c5 b6 8. a3 Bxc3+ 9. Qxc3 bxc5 10. dxc5 Ne4
11. Qxg7 Qf6 12. Qxf6 Nxf6 13. Be5 Ke7 14. b4 Nc7 15. Bxc7 Kd7 16. Be5 Ke7 17. Nf3 Rg8 18. Nd4 Bb7 19. a4 a5 20. b5 cxb5
21. axb5 a4 22. c6 Bc8 23. b6 Ba6 24. Bxa6 Rxa6 25. b7 Ng4 26. b8=Q Rxb8 27. Bxb8 Nf6 28. c7 Kd7 29. Ke2 Ne8 30. Rhc1 Nxc7
31. Rxc7+ Ke8 32. Rac1 Kf8 33. Rd7 Rb6 34. Be5 Ke8 35. Ra7 Kd8 36. Bf6+ Ke8 37. Rc8#
1-0

[Event "Nimzo 2"]
[Site "SchemingMind.com"]
[Date "2008.03.27"]
[Round "-"]
[White "smothered mate"]
[Black "echecs"]
[Result "1-0"]
[WhiteCountry "POL"]
[BlackCountry "ENG"]
[WhiteElo "1938"]
[WhiteRD "52"]
[BlackElo "1687"]
[BlackRD "60"]
[GameID "147597"]

1. d4 Nf6 2. c4 e6 3. Nc3 Bb4 4. Bf4 O-O 5. e3 d5 6. Nf3 c5 7. a3 Bxc3+ 8. bxc3 Nbd7 9. Bd6 Re8 10. dxc5 Qa5
11. Qd4 Ne4 12. cxd5 Ndxc5 13. Bxc5 Nxc5 14. dxe6 Bxe6 15. Qb4 Qc7 16. Nd4 a5 17. Nb5 Qe7 18. Qf4 Rec8 19. Qd6 Qf6 20. Qd4 Qg6
21. Rc1 Nb3 22. Qd1 Nxc1 23. Qxc1 Bc4 24. Bxc4 Rxc4 25. O-O Qc6 26. Nd4 Qg6 27. Nb5 a4 28. Rd1 h5 29. Rd6 Qg5 30. Qb1 h4
31. f4 Qc5 32. Rd4 Rxd4 33. cxd4 Qe7 34. Kf2 Ra5 35. Qd3 g5 36. g3 g4 37. Qf5 hxg3+ 38. hxg3 Kf8 39. Qc8+ Kg7 40. Qxg4+ Kf8
41. Qh5 Qf6 42. Qc5+ Kg7 43. Qb4 Qb6 44. Nc3 Qc7 45. g4 Ra8 46. Kg3 Qc6 47. d5 Qd7 48. Qd4+ Kh7 49. Ne4 Qe7 50. Ng5+ Kh6
51. d6 Qd7 52. Qd5 f6 53. Qh1+
1-0

[Event "Nimzo 2"]
[Site "SchemingMind.com"]
[Date "2008.03.30"]
[Round "-"]
[White "smothered mate"]
[Black "gannet"]
[Result "0-1"]
[WhiteCountry "POL"]
[BlackCountry "GBR"]
[WhiteElo "1938"]
[WhiteRD "52"]
[BlackElo "2086"]
[BlackRD "97"]
[GameID "147598"]

1. d4 Nf6 2. c4 e6 3. Nc3 Bb4 4. Bf4 O-O 5. e3 c5 6. Bd6 Re8 7. dxc5 Bxc3+ 8. bxc3 Qa5 9. Qd4 Nc6 10. Qd3 e5
11. e4 b6 12. Ne2 bxc5 13. g3 Re6 14. Bh3 Ba6 15. Bxe6 dxe6 16. O-O Rd8 17. Rfd1 Ne8 18. f4 Rxd6 19. Qxd6 Nxd6 20. Rxd6 Qc7
21. Rad1 Kf8 22. Rd7 Qc8 23. fxe5 Ke8 24. R7d6 Bxc4 25. Nf4 Nxe5 26. Nh5 Ke7 27. Nxg7 Qb8
0-1

[Event "Nimzo 2"]
[Site "SchemingMind.com"]
[Date "2008.03.26"]
[Round "-"]
[White "smothered mate"]
[Black "Manuel Angel"]
[Result "0-1"]
[WhiteCountry "POL"]
[BlackCountry "ESP"]
[WhiteElo "1913"]
[WhiteRD "52"]
[BlackElo "1967"]
[BlackRD "73"]
[GameID "147599"]

1. d4 Nf6 2. c4 e6 3. Nc3 Bb4 4. Bf4 O-O 5. e3 d6 6. Bd3 Bxc3+ 7. bxc3 c5 8. dxc5 e5 9. Bg3 e4 10. cxd6 exd3
11. Qxd3 Qa5 12. Ne2 Bf5 13. Qd2 Nbd7 14. f3 Rac8 15. e4 Be6 16. O-O Bxc4 17. Rfc1 Bxe2 18. Qxe2 Rxc3 19. e5 Qc5+
0-1

[Event "Nimzo 2"]
[Site "SchemingMind.com"]
[Date "2008.03.30"]
[Round "-"]
[White "smothered mate"]
[Black "mmccaffe"]
[Result "1-0"]
[WhiteCountry "POL"]
[BlackCountry "USA"]
[WhiteElo "1877"]
[WhiteRD "53"]
[BlackElo "1607"]
[BlackRD "55"]
[GameID "147600"]

1. d4 Nf6 2. c4 e6 3. Nc3 Bb4 4. Bf4 O-O 5. e3 Bxc3+ 6. bxc3 d5 7. Nf3 c5 8. Be2 Nc6 9. O-O Nh5 10. Bg3 Nxg3
11. fxg3 b6 12. Qa4 Bd7 13. Qc2 dxc4 14. Bxc4 Na5 15. Bd3 g6 16. Ne5 cxd4 17. exd4 Kg7 18. Rf2 Nc6 19. Be4 Rc8 20. Raf1 Nxe5
21. dxe5 Bc6 22. Bd3 Bd5 23. Rf6 Bc4 24. Rd1 Bxd3 25. Rxd3 Qc7 26. Re3 b5 27. h4 b4 28. h5 bxc3 29. Rff3 Qb6 30. Kh2 Qb2
31. Qa4 c2 32. Qf4 f5 33. exf6+ Rxf6 34. h6+ Kf7 35. Qa4 Rc7 36. Rc3 c1=Q 37. Rxf6+ Kxf6 38. Qd4+ e5 39. Qd6+ Kf5 40. g4+ Kxg4
41. Qe6+ Kf4 42. Qf6+ Ke4 43. Qf3+
1-0

[Event "Nimzo 2"]
[Site "SchemingMind.com"]
[Date "2008.03.25"]
[Round "-"]
[White "smothered mate"]
[Black "marandreo"]
[Result "0-1"]
[WhiteCountry "POL"]
[BlackCountry "ITA"]
[WhiteElo "1938"]
[WhiteRD "52"]
[BlackElo "2219"]
[BlackRD "148"]
[GameID "147601"]

1. d4 Nf6 2. c4 e6 3. Nc3 Bb4 4. Bf4 c5 5. e3 cxd4 6. exd4 Qa5 7. Qc2 Nc6 8. Nf3 d5 9. c5 Bxc5 10. dxc5 d4
11. Qd2 dxc3 12. Qxc3 Qxc3+ 13. bxc3 Ne4 14. Bd6 Nxc3 15. Bd3 f6 16. Kd2 Nd5 17. Rhe1 e5 18. Bb5 Bd7 19. a4= O-O-O 20. a5 Nc7
21. Bc4 Be6 22. Bd3 Ne8 23. a6 Nxd6 24. cxd6 b6 25. Rec1 Rxd6 26. Ke2 Kb8 27. Bb5 Bd5
0-1

[Event "Nimzo 2"]
[Site "SchemingMind.com"]
[Date "2008.03.25"]
[Round "-"]
[White "Dr_Pat"]
[Black "smothered mate"]
[Result "1-0"]
[WhiteCountry "USA"]
[BlackCountry "POL"]
[WhiteElo "1903"]
[WhiteRD "53"]
[BlackElo "1938"]
[BlackRD "52"]
[GameID "147603"]

1. d4 Nf6 2. c4 e6 3. Nc3 Bb4 4. Qc2 O-O 5. a3 Bxc3+ 6. Qxc3 d5 7. Bg5 h6 8. Bh4 Nbd7 9. e3 c5 10. dxc5 g5
11. Bg3 Ne4 12. Qc2 Ndxc5 13. f3 Nd6 14. cxd5 exd5 15. Qxc5 Nf5 16. Bc7 Qf6 17. Qxd5 Qxb2 18. Be5 Qb6 19. e4 Rd8 20. Qb5 Ne3
21. Qxb6 axb6 22. Kf2 Nc2 23. Rc1 Nxa3 24. h4 g4 25. Ne2 Rd2 26. Bf4 Rb2 27. Bxh6 Nc2 28. Bg5 Be6 29. Bf6 Rba2 30. Nc3
1-0

[Event "Nimzo 2"]
[Site "SchemingMind.com"]
[Date "2008.03.25"]
[Round "-"]
[White "Negrito19"]
[Black "smothered mate"]
[Result "0-1"]
[WhiteCountry "ARG"]
[BlackCountry "POL"]
[WhiteElo "1647"]
[WhiteRD "64"]
[BlackElo "1938"]
[BlackRD "52"]
[GameID "147604"]

1. d4 Nf6 2. c4 e6 3. Nc3 Bb4 4. Bd2 Qe7 5. a3 Bxc3 6. Bxc3 d5 7. e3 Ne4 8. Bb4 c5 9. dxc5 a5 10. Bd2 Nc6
11. Qa4 Nxc5 12. Qb5 O-O 13. b4 axb4 14. Bxb4 Nxb4 15. Qxb4 Nd3+ 16. Bxd3 Qxb4+ 17. axb4 Rxa1+ 18. Kd2 dxc4 19. Bxc4 Rd8+ 20. Ke2 Rdd1
21. h4 Rxg1 22. Rh3 e5 23. Rf3 Bg4 24. Bd5 Rad1 25. Bxb7 Rge1#
0-1

[Event "Nimzo 2"]
[Site "SchemingMind.com"]
[Date "2008.03.27"]
[Round "-"]
[White "echecs"]
[Black "smothered mate"]
[Result "0-1"]
[WhiteCountry "ENG"]
[BlackCountry "POL"]
[WhiteElo "1687"]
[WhiteRD "60"]
[BlackElo "1938"]
[BlackRD "52"]
[GameID "147605"]

1. d4 Nf6 2. c4 e6 3. Nc3 Bb4 4. e3 Qe7 5. Bd3 d5 6. c5 e5 7. Qa4+ Nc6 8. Bb5 Bxc3+ 9. bxc3 Bd7 10. Nf3 O-O
11. O-O a6 12. Bxc6 Bxc6 13. Qb3 Bb5 14. Re1 Rab8 15. Nxe5 Ne4 16. Bb2 Rfd8 17. Qc2 Nxc5 18. dxc5 Qxe5 19. c4 Ba4 20. Bxe5 Bxc2
21. Bxc7 dxc4 22. Bxb8 Rxb8 23. Re2 Bd3 24. Rb2 Kf8 25. Rb6 Ke7 26. a4 Kd7 27. a5 Kc7 28. f3 Rd8 29. Rc1 Rd5 30. Ra1 Rxc5
31. e4 Rb5 32. Rxb5 axb5 33. a6 bxa6 34. Rxa6 c3 35. Kf2 b4 36. Ke3 Bxa6
0-1

[Event "Nimzo 2"]
[Site "SchemingMind.com"]
[Date "2008.03.30"]
[Round "-"]
[White "gannet"]
[Black "smothered mate"]
[Result "1-0"]
[WhiteCountry "GBR"]
[BlackCountry "POL"]
[WhiteElo "2086"]
[WhiteRD "97"]
[BlackElo "1938"]
[BlackRD "52"]
[GameID "147606"]

1. d4 Nf6 2. c4 e6 3. Nc3 Bb4 4. e3 c5 5. Bd3 Nc6 6. Ne2 d5 7. O-O O-O 8. cxd5 exd5 9. a3 Bxc3 10. bxc3 c4
11. Bc2 Re8 12. Ng3 Qe7 13. f3 h5 14. Nh1 b5 15. Nf2 a5 16. e4 Bb7 17. e5 Nd7 18. f4 g6 19. f5 Nf8 20. Nh3 Qd7
21. fxg6 fxg6 22. Rf6 Re6 23. Rf2 Rae8 24. Bh6 Ne7 25. Ng5 Ra6 26. Rf7 Ne6 27. Qf3 Nxg5 28. Bxg5 Re6 29. Rf1 Qc8 30. Bxe7 R6xe7
31. Bxg6
1-0

[Event "Nimzo 2"]
[Site "SchemingMind.com"]
[Date "2008.03.26"]
[Round "-"]
[White "Manuel Angel"]
[Black "smothered mate"]
[Result "1-0"]
[WhiteCountry "ESP"]
[BlackCountry "POL"]
[WhiteElo "1951"]
[WhiteRD "74"]
[BlackElo "1927"]
[BlackRD "49"]
[GameID "147607"]

1. d4 Nf6 2. c4 e6 3. Nc3 Bb4 4. Qc2 O-O 5. a3 Bxc3+ 6. Qxc3 d5 7. Nf3 Ne4 8. Qc2 c5 9. dxc5 Nc6 10. b4 f5
11. cxd5 exd5 12. Bb2 a5 13. b5 Ne7 14. e3 Be6 15. Nd4 Bf7 16. f3 Nf6 17. Bd3 g6 18. O-O Re8 19. Rac1 Rc8 20. c6 Qb6
21. c7 Nd7 22. f4 Nf8 23. Qc3 Qf6 24. Qxa5 b6 25. Qb4 Ne6 26. Nxe6 Qxe6 27. Qd4
1-0

[Event "Nimzo 2"]
[Site "SchemingMind.com"]
[Date "2008.03.30"]
[Round "-"]
[White "mmccaffe"]
[Black "smothered mate"]
[Result "0-1"]
[WhiteCountry "USA"]
[BlackCountry "POL"]
[WhiteElo "1614"]
[WhiteRD "52"]
[BlackElo "1926"]
[BlackRD "48"]
[GameID "147608"]

1. d4 Nf6 2. c4 e6 3. Nc3 Bb4 4. Nf3 O-O 5. a3 Bxc3+ 6. bxc3 c5 7. Bf4 Qa5 8. Qc2 Nc6 9. e3 d5 10. Bd3 Ne4
11. Bxe4 dxe4 12. Ne5 Nxe5 13. dxe5 Bd7 14. O-O Bc6 15. Rfd1 Rad8 16. Rd6 Rxd6 17. exd6 f6 18. Bg3 Rd8 19. Qd2 Rd7 20. Qc2 e5
21. f4 exf4 22. Bxf4 Qd8 23. Rd1 Qa5 24. Rd5 Bxd5 25. cxd5 f5
0-1

[Event "Nimzo 2"]
[Site "SchemingMind.com"]
[Date "2008.03.26"]
[Round "-"]
[White "marandreo"]
[Black "smothered mate"]
[Result "1-0"]
[WhiteCountry "ITA"]
[BlackCountry "POL"]
[WhiteElo "2219"]
[WhiteRD "148"]
[BlackElo "1938"]
[BlackRD "52"]
[GameID "147609"]

1. d4 Nf6 2. c4 e6 3. Nc3 Bb4 4. Qc2 O-O 5. Bg5 h6 6. Bh4 d5 7. e3 g5 8. Bg3 Ne4 9. Bd3 f5 10. Ne2 c5
11. cxd5 exd5 12. dxc5 Nxc5 13. O-O-O Nc6 14. Nxd5 Be6 15. Bc4 Qa5 16. Nc7 Bxc4 17. Qxc4+ Kh7 18. Nxa8 Rxa8 19. Qf7+ Kh8 20. h4
1-0

[Event "Nimzo 2"]
[Site "SchemingMind.com"]
[Date "2008.03.30"]
[Round "-"]
[White "badbishop"]
[Black "Dr_Pat"]
[Result "1-0"]
[WhiteCountry "POL"]
[BlackCountry "USA"]
[WhiteElo "2286"]
[WhiteRD "68"]
[BlackElo "1929"]
[BlackRD "48"]
[GameID "147624"]

1. d4 Nf6 2. c4 e6 3. Nc3 Bb4 4. Qc2 O-O 5. a3 Bxc3+ 6. Qxc3 b6 7. Bg5 Bb7 8. e3 d6 9. Ne2 Nbd7 10. Qd3 Be4
11. Qd2 h6 12. Bh4
1-0

[Event "Nimzo 2"]
[Site "SchemingMind.com"]
[Date "2008.03.30"]
[Round "-"]
[White "badbishop"]
[Black "Negrito19"]
[Result "1-0"]
[WhiteCountry "POL"]
[BlackCountry "ARG"]
[WhiteElo "2271"]
[WhiteRD "65"]
[BlackElo "1619"]
[BlackRD "69"]
[GameID "147625"]

1. d4 Nf6 2. c4 e6 3. Nc3 Bb4 4. Qc2 d5 5. a3 Bxc3+ 6. Qxc3 Ne4 7. Qc2 Nc6 8. Nf3 h6 9. e3 O-O 10. Bd3 f5
11. b4 a6 12. Bb2 Qf6 13. O-O g5 14. Nd2 Ne7 15. f3 Nd6 16. e4 dxe4 17. fxe4 Qg6 18. Rae1 b5 19. c5 Nf7 20. d5 exd5
21. exd5 Nxd5 22. Rxf5 Bxf5 23. Bxf5 Qxf5 24. Qxf5 Nh8 25. Qxd5+ Nf7 26. Qd4 Ne5 27. Qxe5 Rf7 28. Qh8#
1-0

[Event "Nimzo 2"]
[Site "SchemingMind.com"]
[Date "2008.03.30"]
[Round "-"]
[White "badbishop"]
[Black "echecs"]
[Result "1-0"]
[WhiteCountry "POL"]
[BlackCountry "ENG"]
[WhiteElo "2271"]
[WhiteRD "65"]
[BlackElo "1766"]
[BlackRD "57"]
[GameID "147626"]

1. d4 Nf6 2. c4 e6 3. Nc3 Bb4 4. Qc2 c5 5. dxc5 Bxc5 6. Nf3 Nc6 7. Bf4 h6 8. e3 Nh5 9. Bg3 Nxg3 10. hxg3 d6
11. Be2 Bd7 12. a3 a6 13. b4 Bb6 14. Rd1 Qe7 15. Ne4 Bc7 16. Qd2 d5 17. cxd5 exd5 18. Qxd5 O-O-O 19. Nc5 Be6 20. Qe4 Rxd1+
21. Bxd1 Qf6 22. Nxe6 fxe6 23. O-O g5 24. Bb3 Re8 25. Rc1 Kb8 26. Ba4
1-0

[Event "Nimzo 2"]
[Site "SchemingMind.com"]
[Date "2008.03.30"]
[Round "-"]
[White "badbishop"]
[Black "gannet"]
[Result "1-0"]
[WhiteCountry "POL"]
[BlackCountry "GBR"]
[WhiteElo "2271"]
[WhiteRD "65"]
[BlackElo "1955"]
[BlackRD "90"]
[GameID "147627"]

1. d4 Nf6 2. c4 e6 3. Nc3 Bb4 4. Qc2 c5 5. dxc5 Na6 6. a3 Bxc3+ 7. Qxc3 Nxc5 8. b4 Nce4 9. Qb2 b6 10. f3 Nd6
11. e4 Nb7 12. Bg5 d6 13. Nh3 O-O 14. Be2 e5 15. Nf2 Be6 16. O-O Rc8 17. Rac1 h6 18. Be3 Nd7 19. Rfd1 Qe7 20. Rd2 Rc7
21. Nd1 Rfc8 22. Rdc2 a5 23. Bf2 axb4 24. axb4 f5 25. Ne3 fxe4 26. fxe4 Qd8 27. Nd5 Bxd5 28. cxd5 Kh7 29. Rxc7 Rxc7 30. Rc6
1-0

[Event "Nimzo 2"]
[Site "SchemingMind.com"]
[Date "2008.03.30"]
[Round "-"]
[White "badbishop"]
[Black "smothered mate"]
[Result "1-0"]
[WhiteCountry "POL"]
[BlackCountry "POL"]
[WhiteElo "2286"]
[WhiteRD "68"]
[BlackElo "1913"]
[BlackRD "52"]
[GameID "147628"]

1. d4 Nf6 2. c4 e6 3. Nc3 Bb4 4. Qc2 O-O 5. a3 Bxc3+ 6. Qxc3 b6 7. Bg5 h6 8. Bh4 g5 9. Bg3 Ne4 10. Qc2 Bb7
11. f3 Nf6 12. e4 c5 13. d5 d6 14. h4 g4 15. Bf4 Kg7 16. Ne2 e5 17. Be3 Qd7 18. Ng3 Kg6 19. Bxh6 Kxh6 20. Qd2+ Kh7
21. Nf5 Ng8 22. Qg5 f6 23. Qh5+ Nh6 24. Qxh6+ Kg8 25. Qg6+ Kh8 26. Qh5+ Kg8 27. Qxg4+ Kh8 28. Qh5+ Kg8 29. Rh3 Qh7 30. Rg3+
1-0

[Event "Nimzo 2"]
[Site "SchemingMind.com"]
[Date "2008.03.30"]
[Round "-"]
[White "badbishop"]
[Black "Manuel Angel"]
[Result "0-1"]
[WhiteCountry "POL"]
[BlackCountry "ESP"]
[WhiteElo "2238"]
[WhiteRD "82"]
[BlackElo "2078"]
[BlackRD "81"]
[GameID "147629"]

1. d4 Nf6 2. c4 e6 3. Nc3 Bb4 4. Qc2 d5 5. a3 Bxc3+ 6. Qxc3 Ne4 7. Qc2 Nc6 8. e3 O-O 9. Nf3 Qd6 10. Bd3 f5
11. b4 a6 12. Bb2 dxc4 13. Qxc4 Bd7 14. O-O Ne7 15. a4 Bxa4 16. Rxa4 b5 17. Qc1 bxa4 18. Ba3 Nc6 19. b5 Nb4 20. Qb1 a5
21. Rc1 Rfb8 22. h3 Qd8 23. Bxe4 fxe4 24. Qxe4 Qd5 25. Qh4 Rc8 26. Qe7 Re8 27. Qxc7 Nd3 28. Rc6 Qb3 29. Rc3 Qxb5 30. Bd6 Rab8
31. Bg3 Rbc8 32. Qxc8 Rxc8 33. Rxc8+ Kf7 34. Rc7+ Kg6 35. Ne5+ Nxe5 36. Bxe5 a3 37. Rxg7+ Kh6 38. Rg4 Qb1+ 39. Kh2 Qf5 40. Rf4 Qb1
41. d5 a2 42. Ra4 exd5 43. Rxa5 Kg6
0-1

[Event "Nimzo 2"]
[Site "SchemingMind.com"]
[Date "2008.03.30"]
[Round "-"]
[White "badbishop"]
[Black "mmccaffe"]
[Result "1-0"]
[WhiteCountry "POL"]
[BlackCountry "USA"]
[WhiteElo "2222"]
[WhiteRD "69"]
[BlackElo "1606"]
[BlackRD "57"]
[GameID "147630"]

1. d4 Nf6 2. c4 e6 3. Nc3 Bb4 4. Qc2 O-O 5. a3 Be7 6. e4 c5 7. d5 exd5 8. cxd5 d6 9. Bd3 a6 10. a4 Nbd7
11. f4 g6 12. Nf3 Nb6 13. a5 Nbd7 14. O-O b5 15. axb6 Nxb6 16. b3 Bg4 17. Bb2 Bxf3 18. Rxf3 Re8 19. Bc4 Nxc4 20. bxc4 Bf8
21. e5 dxe5 22. fxe5 Nd7 23. Ne4 Bg7 24. e6 fxe6 25. Bxg7 Kxg7 26. Qc3+ Kg8 27. Raf1 exd5 28. Rf7 d4 29. Qh3 Re7 30. Qxh7#
1-0

[Event "Nimzo 2"]
[Site "SchemingMind.com"]
[Date "2008.03.30"]
[Round "-"]
[White "badbishop"]
[Black "marandreo"]
[Result "1-0"]
[WhiteCountry "POL"]
[BlackCountry "ITA"]
[WhiteElo "2222"]
[WhiteRD "69"]
[BlackElo "2167"]
[BlackRD "118"]
[GameID "147631"]

1. d4 Nf6 2. c4 e6 3. Nc3 Bb4 4. Qc2 d5 5. a3 Bxc3+ 6. Qxc3 Nc6 7. Nf3 Ne4 8. Qc2 e5 9. e3 Bf5 10. Qb3 exd4
11. Qxb7 Na5 12. Qxd5 Qxd5 13. cxd5 Nb3 14. Nxd4 Nxa1 15. Nxf5 Nb3 16. Bd3 Nd6 17. Nxd6+ cxd6 18. Bd2 Nxd2 19. Kxd2 Rc8 20. Bb5+ Ke7
21. Bc6 f5 22. h4 Kf6 23. Kd3 Rc7 24. b4 Rhc8 25. Rb1 Re7 26. b5 g5 27. hxg5+ Kxg5 28. Rb4 h5 29. g3 Rf8 30. a4 Re4
31. Rxe4 fxe4+ 32. Ke2 h4 33. gxh4+ Kxh4 34. a5 Rf7 35. b6 axb6 36. axb6 Rf8 37. b7 Kh3 38. Bd7+ Kg2 39. Bf5 Kg1 40. Ke1 Rb8
41. Bc8
1-0

[Event "Nimzo 2"]
[Site "SchemingMind.com"]
[Date "2008.03.30"]
[Round "-"]
[White "Dr_Pat"]
[Black "badbishop"]
[Result "0-1"]
[WhiteCountry "USA"]
[BlackCountry "POL"]
[WhiteElo "1929"]
[WhiteRD "48"]
[BlackElo "2286"]
[BlackRD "68"]
[GameID "147633"]

1. d4 Nf6 2. c4 e6 3. Nc3 Bb4 4. Qc2 O-O 5. a3 Bxc3+ 6. Qxc3 b6 7. Bg5 Ba6 8. e3 d6 9. Bd3 Nbd7 10. Nf3 c5
11. O-O Rc8
0-1